Kolory II Lini Metra w Warszawie - Statystyki

Ogólne statystyki
  • Ten quiz został rozwiązany 397 razy
  • Średni wynik to 6 z 7
Statystyki odpowiedzi
Stacja Kolor % Poprawnych
Centrum Nauki Kopernik Morska Zieleń
98%
Dworzec Wileński Niebieski
98%
Stadion Narodowy Zieleń Piłkarskiej Murawy
98%
Rondo Daszyńskiego Czerwony
96%
Świętokrzyska Żółty
93%
Nowy Świat Uniwersytet Fioletowy
80%
Rondo ONZ Szary
54%
Nie znaleziono quizów pasujących do podanych kryteriów
Rozkład punktacji
Procent ludzi z każdym wynikiem
Percentyl według liczby udzielonych odpowiedzi
Twoja historia wyników
Nie rozwiązałeś tego quizu